|
|
|
|
| LEADER |
02209nam a22004093i 4500 |
| 001 |
EBC5637448 |
| 003 |
MiAaPQ |
| 005 |
20231204023214.0 |
| 006 |
m o d | |
| 007 |
cr cnu|||||||| |
| 008 |
231204s2015 xx o ||||0 eng d |
| 020 |
|
|
|a 9781137536495
|q (electronic bk.)
|
| 020 |
|
|
|z 9781137536471
|
| 035 |
|
|
|a (MiAaPQ)EBC5637448
|
| 035 |
|
|
|a (Au-PeEL)EBL5637448
|
| 035 |
|
|
|a (OCoLC)937997726
|
| 040 |
|
|
|a MiAaPQ
|b eng
|e rda
|e pn
|c MiAaPQ
|d MiAaPQ
|
| 050 |
|
4 |
|a HD72-88
|
| 082 |
0 |
|
|a 362.7
|
| 100 |
1 |
|
|a Inter-American Development Bank, Inter-American Development.
|
| 245 |
1 |
4 |
|a The Early Years :
|b Child Well-Being and the Role of Public Policy.
|
| 250 |
|
|
|a 1st ed.
|
| 264 |
|
1 |
|a New York :
|b Palgrave Macmillan,
|c 2015.
|
| 264 |
|
4 |
|c Ã2015.
|
| 300 |
|
|
|a 1 online resource (279 pages)
|
| 336 |
|
|
|a text
|b txt
|2 rdacontent
|
| 337 |
|
|
|a computer
|b c
|2 rdamedia
|
| 338 |
|
|
|a online resource
|b cr
|2 rdacarrier
|
| 505 |
0 |
|
|a Cover -- Title Page -- Copyright Page -- Table of Contents -- List of Boxes -- List of Figures -- List of Tables -- Preface -- Acknowledgments -- List of Contributors -- 1 Raising Children: The Case for Government Intervention -- 2 A Report Card on Early Childhood Development -- 3 Family First -- 4 Daycare Services: It's All about Quality -- 5 Early Schooling: Teachers Make the Diff erence -- 6 More Bang for the Buck: Investing in Early Childhood Development -- 7 Drawing Up an Institutional Architecture -- 8 The Task at Hand: Anything but Child's Play -- Notes -- References -- Index.
|
| 588 |
|
|
|a Description based on publisher supplied metadata and other sources.
|
| 590 |
|
|
|a Electronic reproduction. Ann Arbor, Michigan : ProQuest Ebook Central, 2023. Available via World Wide Web. Access may be limited to ProQuest Ebook Central affiliated libraries.
|
| 655 |
|
4 |
|a Electronic books.
|
| 700 |
1 |
|
|a Berlinski, Samuel.
|
| 700 |
1 |
|
|a Schady, Norbert.
|
| 776 |
0 |
8 |
|i Print version:
|a Inter-American Development Bank, Inter-American Development
|t The Early Years
|d New York : Palgrave Macmillan,c2015
|z 9781137536471
|
| 797 |
2 |
|
|a ProQuest (Firm)
|
| 856 |
4 |
0 |
|u https://ebookcentral.proquest.com/lib/matrademy/detail.action?docID=5637448
|z Click to View
|